000 01173nam a2200217Ia 4500
008 220216s9999 xx 000 0 und d
100 _aGeorge S
245 0 _aEffect of controlled release fertilizers on growth and leaf nitrogen status of immature rubber
260 _bNatural Rubber Research
_c2004
300 _a67-73
520 _aThe growth and leaf nitrogen status of immature rubber (Hevea brasiliensis) trees (clone RRII 105) which received 50 or 75 per cent of the recommended dose of N as NPK Mg tablets or 75 per cent as neem extract coated or neem cake mixed urea were comparable to those which received the full dose as prilled urea in two field experiments conducted in the central region of the traditional rubber growing tract of India, during 1994 to 1998. Single low dose of N applied as NPK Mg tablets was comparable to split doses of other fertilizers in terms of growth (girth) of the plants.
650 _aControlled release fertilizers
650 _aGrowth
650 _aHevea brasiliensis
650 _aImmature rubber
650 _aLeaf nitrogen
700 _aGeorge V
700 _aJessy M D
700 _aPunnoose K I
942 _cJS
999 _c57762
_d57762